According to TV Theme Songs Quiz Stats

Quiz Updated Nov 1, 2017

Challenge
Share
Tweet
Embed
Score 0/15 Timer 03:00
5 Plays Today
Question Answer Wrong Answers
What kind of fruit does SpongeBob SquarePants live in?
SpongeBob SquarePants
Pineapple
92.4%
Pear
0.4%
Coconut
2.6%
Cherry
0.4%
From what town is the modern Stone Age family?
The Flintstones
Bedrock
91%
Stonebase
0.7%
Bedroot
1.1%
Pebblerock
3%
What did no one tell you was going to be this way?
Friends
Life
89.3%
Jobs
1.5%
Love
4%
Money
0.9%
Today, what does it seem that all we see in movies is?
Family Guy
Violence
79.7%
War
4.2%
Blood
4.6%
Gore
6.9%
Who was brave and sure on the three-hour tour?
Gilligan's Island
The Skipper
75%
A Millionaire
2.7%
The Professor
8.1%
The Mate
9.4%
All of the girls had hair of what color, like their mother?
The Brady Bunch
Gold
74.2%
Yellow
15.5%
White
1.3%
Red
4.6%
What does making your way in the world take?
Cheers
Everything You've Got
72.9%
Everything You Own
3.5%
Everyone You Know
14.1%
Everyone's Help
4.8%
Where did Will spend most of his days?
The Fresh Prince of Bel-Air
The Playground
72.5%
The Street
17.4%
The Library
1.3%
The Beach
4.3%
What did the Jeffersons finally get a piece of?
The Jeffersons
Pie
70.7%
Cake
6.1%
Action
9.8%
Mind
8.6%
What is your cause?
Pokémon
To Train Pokémon
70%
To Own Pokémon
11.9%
To Fight Pokémon
10.9%
To Name Pokémon
2.6%
What kind of day is it?
Arthur
Wonderful
65.2%
Fantastic
12.9%
Merry
3.5%
Magnificent
13.6%
What have Blossom, Bubbles, and Buttercup dedicated their lives to fighting?
The Powerpuff Girls
Crime
51.3%
Offenses
1.5%
Wrongdoing
19.4%
Villainy
23%
What is the Addams family's house?
The Addams Family
A Museum
50%
A Mansion
44.7%
An Office
0.5%
A Shop
0.7%
What are hers and hers and his?
Three's Company
The Kisses
35.8%
The Clothes
7.6%
The Food
3.8%
The Laughs
48%
What is Scooby-Doo pretending he's got?
Scooby-Doo, Where Are You!
A Sliver
30.5%
A Cut
5.1%
A Bruise
10.6%
A Stomachache
49.3%

You're not logged in!

Compare scores with friends on all Sporcle quizzes.
Join for Free
OR
Log In

You Might Also Like...

Show Comments

Extras

Top Quizzes Today


Score Distribution

Your Account Isn't Verified!

In order to create a playlist on Sporcle, you need to verify the email address you used during registration. Go to your Sporcle Settings to finish the process.

Report this User

Report this user for behavior that violates our Community Guidelines.

Details: